Vista normal
Vista MARC
Entrada Personal Name
Número de registros utilizados en: 1
001 - CONTROL NUMBER
- control field: 64147
003 - CONTROL NUMBER IDENTIFIER
- control field: OSt
005 - DATE AND TIME OF LATEST TRANSACTION
- control field: 20250828161328.0
008 - FIXED-LENGTH DATA ELEMENTS
- fixed length control field: 250828|| aca||aabn | a|a d
040 ## - CATALOGING SOURCE
- Original cataloging agency: OSt
- Transcribing agency: OSt
100 ## - HEADING--PERSONAL NAME
- Personal name: Clarck, Barbara
670 ## - SOURCE DATA FOUND
- Source citation: Work cat.: (OSt)58839: VanCleve, Janice Pratt, 1942- , aut 64144, Matemáticas para niños y jóvenes :